00875nam a22001937a 4500003000900000008004100009040007100050082004500121110005500166245006800221260003800289300002800327440005500355505015300410650003200563650001800595650001300613710005500626AR-CdUCM190425b ||||| |||| 00| 0 spa d aMUNICIPALIDAD PROVINCIAL DEL CUSCOcBIBLIOTECA MUNICIPAL DEL CUSCO aRev.Univ/N°19/1917bRev.Univ/N°19/1917 aUniversidad Nacional de San Antonio Abad del Cusco aRevista Universitaria :bÓrgano de la Universidad del Cuzco / aCusco :bEl Trabajo,cmarzo 1917. a50 páginas. :c20 cm. aRevista UniversitarianAño VI, marzo 1917, N°19 aContenido: Las universidades menores. César Antonio Ugarte. -- Fragmentos de las monografías de la provincia de La Convención. Enrique Rosell. aHistoria de La Convención aUniversidades aSiglo XX aUniversidad Nacional de San Antonio Abad del Cusco